Cities Named After People - Statistics

General Stats
  • This quiz has been taken 23 times
    12 since last reset
  • The average score is 153 of 487
Answer Stats
Country /
Territory
Named After Answer Population % Correct
Egypt Alexander the Great Alexandria 5.3m
100%
United States of America (Virginia) John Alexander Alexandria 155k
100%
Iraq Alexander the Great Iskandariya 157k
100%
Costa Rica Saint Joseph San José 1.4m
89%
United States of America (California) Saint Joseph San Jose 969k
89%
Canada George Vancouver Vancouver 732k
89%
United States of America (Washington) George Vancouver Vancouver 196k
89%
Canada Queen Victoria Victoria 100k
89%
Seychelles Queen Victoria Victoria 29k
89%
United States of America (New Mexico) Francisco Fernández de la Cueva, 8th Duke of Alburquerque Albuquerque 564k
78%
Canada George Montagu-Dunk, 2nd Earl of Halifax Halifax 348k
78%
Antigua and Barbuda Saint John St. John's 22k
78%
United States of America (Minnesota) Saint Paul St. Paul 303k
78%
Australia Adelaide of Saxe-Meiningen Adelaide 1.4m
67%
United States of America (New York) James of York and Albany Albany 101k
67%
United States of America (Pennsylvania) William Allen Allentown 125k
67%
United States of America (Michigan) Ann Allen & Ann Rumsey Ann Arbor 123k
67%
United States of America (Texas) Henry Bennet, 1st Earl of Arlington Arlington 398k
67%
United States of America (Colorado) Hiram Arvada Haskin Arvada 121k
67%
United States of America (Georgia) Princess Augusta of Saxe-Gotha Augusta 202k
67%
United States of America (Texas) Stephen F. Austin Austin 979k
67%
United States of America (California) Colonel Thomas Baker Bakersfield 413k
67%
United States of America (Maryland) Lord Baltimore Baltimore 565k
67%
United States of America (Texas) Jefferson Beaumont Beaumont 112k
67%
United States of America (California) Bishop George Berkeley Berkeley 118k
67%
United States of America (Montana) Frederick H. Billings Billings 120k
67%
Australia Thomas Brisbane Brisbane 2.6m
67%
United States of America (Texas) Major Jacob Brown Brownsville 190k
67%
United States of America (California) David Burbank Burbank 102k
67%
United States of America (North Carolina) Samuel Fenton Cary Cary 180k
67%
United States of America (Arizona) Dr. Alexander John Chandler Chandler 280k
67%
United States of America (North Carolina) Charles II of England Charleston 155k
67%
United States of America (North Carolina) Charlotte of Mecklenburg-Strelitz Charlotte 911k
67%
United States of America (Ohio) Lucius Quinctius Cincinnatus Cincinnati 311k
67%
United States of America (Ohio) Moses Cleaveland Cleveland 372k
67%
United States of America (California) Clovis Cole Clovis 125k
67%
United States of America (South Carolina) Christopher Columbus Columbia 142k
67%
United States of America (Georgia) Christopher Columbus Columbus 201k
67%
United States of America (Ohio) Christopher Columbus Columbus 913k
67%
United States of America (Texas) Isaac Conroe Conroe 108k
67%
United States of America (Texas) Jesus Christ Corpus Christi 316k
67%
United States of America (Texas) George M. Dallas Dallas 1.3m
67%
Australia Charles Darwin Darwin 137k
67%
United States of America (Iowa) Colonel George Davenport Davenport 100k
67%
United States of America (Ohio) Jonathan Dayton Dayton 135k
67%
United States of America (Michigan) Henry Dearborn Dearborn 105k
67%
United States of America (Texas) Captain John B. Denton Denton 158k
67%
United States of America (Colorado) James W. Denver Denver 716k
67%
United States of America (California) John G. Downey Downey 108k
67%
United States of America (New Jersey) Lady Elizabeth Carteret Elizabeth 135k
67%
United States of America (Oregon) Eugene Franklin Skinner Eugene 177k
67%
United States of America (Indiana) Robert Morgan Evans Evansville 115k
67%
United States of America (Washington) Everett Colby Everett 111k
67%
United States of America (North Dakota) William Fargo Fargo 133k
67%
United States of America (North Carolina) Gilbert du Motier, marquis de La Fayette Fayetteville 209k
67%
United States of America (Arkansas) Gilbert du Motier, marquis de La Fayette Fayetteville 101k
67%
United States of America (Colorado) Colonel William O. Collins Fort Collins 170k
67%
United States of America (Florida) Major William Lauderdale Fort Lauderdale 184k
67%
United States of America (Texas) William Jenkins Worth Fort Worth 978k
67%
United States of America (California) John C. Frémont Fremont 226k
67%
United States of America (California) George H. Fullerton Fullerton 139k
67%
United States of America (Florida) Edmund P. Gaines Gainesville 213k
67%
United States of America (Texas) Augustus Hill Garland Garland 243k
67%
United States of America (Arizona) William "Bobby" Gilbert Gilbert 275k
67%
United States of America (Colorado) Horace Greeley Greeley 112k
67%
United States of America (North Carolina) Nathanael Greene Greensboro 302k
67%
Canada George Hamilton Hamilton 615k
67%
New Zealand John Fane Charles Hamilton Hamilton 179k
67%
United States of America (California) William Dutton Hayward Hayward 155k
67%
United States of America (Nevada) Charles B. Henderson Henderson 337k
67%
Australia Lord Hobart Hobart 232k
67%
United States of America (Texas) Sam Houston Houston 2.3m
67%
United States of America (California) Henry E. Huntington Huntington Beach 192k
67%
United States of America (Alabama) John Hunt Huntsville 225k
67%
United States of America (California) James Irvine I Irvine 314k
67%
United States of America (Mississippi) Andrew Jackson Jackson 143k
67%
United States of America (Florida) Andrew Jackson Jacksonville 985k
67%
United States of America (Illinois) Louis Jolliet Joliet 150k
67%
Russia Sergey Kirov Kirov 468k
67%
United States of America (Tennessee) Henry Knox Knoxville 198k
67%
United States of America (Louisiana) Gilbert du Motier, marquis de La Fayette Lafayette 121k
67%
United States of America (Nebraska) Abraham Lincoln Lincoln 294k
67%
United States of America (California) Mary (Our Lady the Queen of the Angels) Los Angeles 3.9m
67%
United States of America (Kentucky) Louis XVI of France Louisville 622k
67%
United States of America (Massachusetts) Francis Cabot Lowell Lowell 114k
67%
United States of America (Texas) Thomas Saltus Lubbock Lubbock 266k
67%
United States of America (Wisconsin) James Madison Madison 280k
67%
United States of America (Texas) John McAllen McAllen 146k
67%
United States of America (California) Juan Murrieta Murrieta 111k
67%
United States of America (Illinois) Joseph Naper Naperville 150k
67%
United States of America (Tennessee) Francis Nash Nashville 687k
67%
Bahamas William III of England (House of Orange-Nassau) Nassau 296k
67%
United States of America (Louisiana) Philippe II, Duke of Orléans New Orleans 383k
67%
United States of America (New York) James of York and Albany New York City 8.2m
67%
United States of America (Oklahoma) Abner E. Norman Norman 130k
67%
United States of America (Florida) Orlando Reeves Orlando 320k
67%
United States of America (California) Henry, Ben, James & Robert Oxnard Oxnard 202k
67%
United States of America (New Jersey) William Paterson Paterson 156k
67%
United States of America (Pennsylvania) William Pitt, 1st Earl of Chatham Pittsburgh 303k
67%
South Africa Andries Pretorius Pretoria 1.7m
67%
United States of America (Utah) Étienne Provost Provo 113k
67%
United States of America (Massachusetts) John Quincy Quincy 101k
67%
United States of America (North Carolina) Sir Walter Raleigh Raleigh 482k
67%
United States of America (Nevada) Jesse Lee Reno Reno 274k
67%
United States of America (Minnesota) Nathaniel Rochester Rochester 122k
67%
United States of America (New York) Nathaniel Rochester Rochester 207k
67%
Senegal Louis XIV of France Saint-Louis 254k
67%
Russia Saint Peter Saint Petersburg 5.6m
67%
United States of America (Texas) Saint Anthony San Antonio 1.5m
67%
San Marino Marino San Marino 33k
67%
El Salvador Saint Anne Santa Ana 277k
67%
United States of America (California) Saint Anne Santa Ana 310k
67%
Brazil Saint Paul São Paulo 12.4m
67%
United States of America (Missouri) Saint Louis St. Louis 301k
67%
United States of America (Florida) Saint Peter St. Petersburg 263k
67%
Australia Thomas Townshend, Lord Sydney Sydney 5m
67%
United States of America (California) Saint Anne Anaheim 340k
56%
Kyrgyzstan Bishkek Batyr Bishkek 1.1m
56%
Slovakia Braslav Bratislava 478k
56%
United States of America (Massachusetts) Isaac Brock Brockton 104k
56%
Australia William Cairns Cairns 160k
56%
Algeria Constantine the Great Constantine 448k
56%
Russia Friedrich Engels Engels 225k
56%
Botswana Chief Gaborone Gaborone 246k
56%
South Africa King George III George 157k
56%
Guyana King George III Georgetown 118k
56%
Malaysia George III George Town 158k
56%
South Africa Christiaan Johannes Joubert or Johannes Meyer or Johannes Rissik Johannesburg 7.8m
56%
Canada Horatio Kitchener Kitchener 300k
56%
Ukraine Kyi Kyiv 2.9m
56%
Colombia Pedro Fernández Madrid Madrid 122k
56%
Australia William Lamb, Lord Melbourne Melbourne 5.1m
56%
United States of America (California) Luther Menifee Wilson Menifee 113k
56%
Liberia James Monroe Monrovia 1m
56%
South Africa Henry Pelham-Clinton, 5th Duke of Newcastle Newcastle 291k
56%
United States of America (Virginia) Christopher Newport & William Newce Newport News 183k
56%
Cambodia Daun Penh Phnom Penh 2.2m
56%
Mauritius Louis XV of France Port Louis 140k
56%
Papua New Guinea Sir Fairfax Moresby Port Moresby 364k
56%
Italy Romulus Rome 2.7m
56%
Russia Dimitry of Rostov Rostov-on-Don 1.1m
56%
Brazil Jesus Christ Salvador 2.9m
56%
United States of America (California) Saint Bernardine of Siena San Bernardino 223k
56%
United States of America (California) Saint Didacus San Diego 1.3m
56%
United States of America (California) Saint Matthew San Mateo 101k
56%
El Salvador Jesus Christ San Salvador 209k
56%
United States of America (California) Saint Clare of Assisi Santa Clara 127k
56%
Chile Saint James Santiago 6.1m
56%
Philippines Saint James Santiago 120k
56%
United States of America (Arizona) Chaplain Winfield Scott Scottsdale 244k
56%
United States of America (Washington) Chief Seattle Seattle 755k
56%
United States of America (Louisiana) Henry Shreve Shreveport 177k
56%
United States of America (Nevada) John Sparks Sparks 110k
56%
United States of America (California) Robert F. Stockton Stockton 319k
56%
Bolivia Antonio José de Sucre Sucre 295k
56%
United Kingdom Thomas Telford Telford 156k
56%
United States of America (Colorado) Dan Thornton Thornton 144k
56%
United States of America (California) Jared Sidney Torrance Torrance 146k
56%
Australia Robert Towns Townsville 186k
56%
United States of America (Texas) John Tyler Tyler 110k
56%
United States of America (California) Mariano Guadalupe Vallejo Vallejo 122k
56%
United States of America (Virginia) Elizabeth I of England, the "Virgin Queen" Virginia Beach 459k
56%
United States of America George Washington & Christopher Columbus Washington, D.C. 678k
56%
New Zealand Arthur Wellesley, Duke of Wellington Wellington 212k
56%
United States of America (North Carolina) Spencer Compton, 1st Earl of Wilmington Wilmington 122k
56%
United States of America (North Carolina) Joseph Winston Winston-Salem 252k
56%
Côte d'Ivoire Queen Yamoussoukro Yamoussoukro 212k
56%
Russia Yaroslav I the Wise Yaroslavl 577k
56%
Germany Athena Athens 643k
44%
New Zealand George Eden, Earl of Auckland Auckland 1.4m
44%
Canada Sir Robert Barrie Barrie 164k
44%
Republic of the Congo Pierre Savorgnan de Brazza Brazzaville 1.3m
44%
Romania Bucur Bucharest 1.7m
44%
Canada Robert Burnaby Burnaby 283k
44%
New Zealand Jesus Christ Christchurch 377k
44%
Mexico Benito Juárez Ciudad Juárez 1.5m
44%
Venezuela Alonso de Ojeda Ciudad Ojeda 153k
44%
El Salvador José Matías Delgado Delgado 126k
44%
Brazil Luís Alves de Lima e Silva, Duke of Caxias Duque de Caxias 808k
44%
Spain Saint Sebastian Donostia 188k
44%
South Africa Sir Benjamin d'Urban Durban 2.7m
44%
Australia Archibald Acheson, 2nd Earl of Gosford Gosford 348k
44%
Vietnam Ho Chi Minh Ho Chi Minh City 7m
44%
Russia Mikhail Kalinin Kaliningrad 490k
44%
Jamaica King William III of England Kingston 584k
44%
United Kingdom Edward I of England Kingston upon Hull 270k
44%
Russia Sergey Korolyov Korolyov 228k
44%
Canada William Lethbridge Lethbridge 107k
44%
Zambia Dr. David Livingstone Livingstone 178k
44%
Zambia Chief Lusaka Lusaka 2.2m
44%
Zambia Chief Mansa Mansa 170k
44%
Canada William Markham Markham 357k
44%
Eswatini Chief Mbabane Mbabane 60k
44%
United States of America (Alabama) James Monroe Montgomery 195k
44%
Egypt Gamal Abdel Nasser Nasser 427k
44%
United States of America (Texas) Carolina Angela DeWitt San Angelo 100k
44%
Dominican Republic Saint Dominic Santo Domingo 1m
44%
Brazil Saint Vincent São Vicente 329k
44%
Canada John Coape Sherbrooke Sherbrooke 180k
44%
Grenada Saint George St. George's 3.3k
44%
Germany Thessalonike Thessaloniki 309k
44%
Russia Palmiro Togliatti Tolyatti 684k
44%
Japan Sakichi Toyoda & Kiichiro Toyoda Toyota 422k
44%
Philippines Pío Valenzuela Valenzuela 714k
44%
Malta Jean Parisot de Valette Valletta 5.1k
44%
Russia Saint Catherine of Alexandria & Empress Catherine I of Russia Yekaterinburg 1.5m
44%
Pakistan James Abbott Abbottabad 207k
33%
India Ahmad Shah I Ahmedabad 5.6m
33%
Ukraine Oleksiy Alchevsky Alchevsk 106k
33%
Japan Asaka Yasuhiko Asaka 141k
33%
Germany Gaius Julius Caesar Augustus Augsburg 295k
33%
Spain Hamilcar Barca Barcelona 1.6m
33%
Brazil Hermann Blumenau Blumenau 361k
33%
Saint Lucia Charles Eugène Gabriel de La Croix Castries 10k
33%
Belgium Charles II of Spain Charleroi 204k
33%
India Chennappa Naicker Chennai 4.6m
33%
Panama King David David 103k
33%
Mexico Benito Juárez Ciudad Benito Juárez 308k
33%
Brazil Floriano Peixoto Florianópolis 516k
33%
Mexico Joaquín García García 234k
33%
Cuba García Holguín Holguín 287k
33%
Russia Yerofey Khabarov Khabarovsk 617k
33%
Philippines Miguel López de Legazpi Legazpi 171k
33%
Portugal Ulysses Lisbon 545k
33%
Equatorial Guinea Malabo Lopelo Melaka Malabo 132k
33%
Mozambique Chief Maputsu I Maputo 1m
33%
Mexico Gaspar de Zúñiga, 5th Count of Monterrey Monterrey 1.1m
33%
Chile Ambrosio O'Higgins (Marquis of Osorno) Osorno 175k
33%
United Kingdom Saint Peter Peterborough 190k
33%
Puerto Rico (USA) Juan Ponce de León or Juan Ponce de León y Loayza Ponce 107k
33%
Mexico Ignacio Luis Vallarta Puerto Vallarta 224k
33%
Philippines Manuel L. Quezon Quezon City 2.9m
33%
Brazil Barão do Rio Branco Rio Branco 419k
33%
Philippines Eulogio Rodriguez Rodriguez 443k
33%
Brazil Louis IX of France São Luís 1m
33%
South Korea Sejong the Great Sejong City 353k
33%
Russia Vladimir Ilyich Ulyanov Lenin Ulyanovsk 617k
33%
South Africa Henry Somerset, Marquess of Worcester Worcester 100k
33%
United States of America (New York) Jonkheer Adriaen van der Donck Yonkers 207k
33%
Russia Nikolay Zhukovsky Zhukovsky 111k
33%
Turkmenistan Arsaces I of Parthia Ashgabat 1m
22%
Argentina Nicolás Avellaneda Avellaneda 342k
22%
Mozambique Luís Filipe, Prince of Beira Beira 592k
22%
Libya Sidi Ghazi Benghazi 618k
22%
Nepal Bhimdatta Panta Bhimdatta 122k
22%
Cuba José Cienfuegos Jovellanos Cienfuegos 153k
22%
Mexico Manuel Acuña Ciudad Acuña 160k
22%
Mexico Gordiano Guzmán Ciudad Guzmán 111k
22%
Germany Roman Emperor Claudius & Agrippina the Younger Cologne 1m
22%
El Salvador Christopher Columbus Colón 151k
22%
Panama Christopher Columbus Colón 159k
22%
Romania Flavia Julia Constantia Constanța 263k
22%
Philippines Gómez Pérez Dasmariñas Dasmariñas 703k
22%
Cuba Saint James Santiago de Cuba 431k
22%
Russia Felix Dzerzhinsky Dzerzhinsk 128k
22%
Pakistan King Faisal Al Saud Faisalabad 3.2m
22%
Germany Heracles Heraklion 145k
22%
Mexico José María González Hermosillo Hermosillo 855k
22%
India Hyder Mahal Hyderabad 6.9m
22%
Afghanistan Jalal-ud-Din Muhammad Akbar Jalalabad 271k
22%
Kyrgyzstan Jalal-ud-Din Muhammad Akbar Jalal-Abad 117k
22%
Brazil João Pessoa Cavalcanti de Albuquerque João Pessoa 833k
22%
Afghanistan Alexander the Great Kandahar 632k
22%
South Africa John Wodehouse, 1st Earl of Kimberley Kimberley 225k
22%
Philippines Lapu-Lapu Lapu-Lapu 497k
22%
United States of America (Colorado) Stephen Harriman Long Longmont 100k
22%
Ukraine Leo I of Halych Lviv 717k
22%
Mexico Mariano Matamoros Matamoros 510k
22%
Mexico Melchor Portocarrero, 3rd Count of Monclova Monclova 237k
22%
Colombia Tomás Cipriano de Mosquera Mosquera 139k
22%
India Mumba Devi Mumbai 18m
22%
Japan Noda Umanosuke Noda 152k
22%
Philippines Fernándo Norzagaray y Escudero Norzagaray 104k
22%
Philippines José Ozámiz Ozamiz 109k
22%
Colombia Francisco Pereira Martínez Pereira 477k
22%
South Africa Piet Retief & Gert Maritz Pietermaritzburg 475k
22%
Nigeria Lewis Vernon Harcourt Port Harcourt 703k
22%
Egypt Sa'id of Egypt Port Said 791k
22%
Ecuador Timoteo Quevedo Pozo Quevedo 177k
22%
Canada Queen Victoria Regina 245k
22%
Philippines Saint Paul San Pablo 244k
22%
Côte d'Ivoire Saint Peter San-Pédro 164k
22%
Philippines Saint Peter San Pedro 326k
22%
Philippines Saint Rose of Lima Santa Rosa 414k
22%
Brazil Empress Tereza Christina of Brazil Teresina 871k
22%
Chile Pedro de Valdivia Valdivia 180k
22%
Angola Horácio José de Sá Viana Rebelo Viana 2.1m
22%
Colombia Antonio Villavicencio Villavicencio 553k
22%
India Visakha Varma Visakhapatnam 1.7m
22%
United Kingdom Wulfrun Wolverhampton 234k
22%
Iran Yazdegerd I Yazd 529k
22%
Canada Harry Abbott Abbotsford 166k
11%
Turkey Hadad (Akkadian God) Adana 1.7m
11%
Turkey Antiochus Antakya 368k
11%
Turkey Mihaloğlu Mehmed Bey of the Aydinid Dynasty Aydın 259k
11%
Cuba Mateo de Cárdenas y Vélez de Guevara Cárdenas 143k
11%
Venezuela Simón Bolívar Ciudad Bolívar 425k
11%
Mexico Cuauhtémoc Cuauhtémoc 135k
11%
Brunei Omar Ali Saifuddien III Bandar Seri Begawan 266k
11%
Mexico Nezahualcóyotl Ciudad Nezahualcóyotl 1m
11%
Brazil Prudente José de Morais Barros Presidente Prudente 231k
11%
Turkey Hadrian Edirne 180k
11%
Israel Theodor Herzl Herzliya 103k
11%
China Huang Hua Huánghuá 465k
11%
Ecuador Miguel de Ibarra y Mallea Ibarra 157k
11%
Ukraine Ivan Franko Ivano-Frankivsk 238k
11%
Pakistan John Jacob Jacobabad 191k
11%
Democratic Republic of the Congo Joseph Kasa-Vubu Kasa-Vubu 157k
11%
Palestine Yūnus an-Nūrūzī Khan Yunis 246k
11%
Ukraine Kharyton (Cossack) Kharkiv 1.4m
11%
North Korea Kim Chaek Kimchaek 155k
11%
Ukraine Marko Kropyvnytskyi Kropyvnytskyi 219k
11%
South Africa Lady Smith Ladysmith 119k
11%
Argentina Juan Gregorio de las Heras Las Heras 189k
11%
Syria Laodice of Macedonia Latakia 383k
11%
Germany Carl Leverkus Leverkusen 166k
11%
New Zealand Sir William Hutt Lower Hutt 111k
11%
Russia Magomed-Ali 'Makhach' Dakhadaev Makhachkala 623k
11%
China Pan Maoming Màomíng 1.3m
11%
Ukraine (Occupied by Russia) Saint Mary or Maria Fyodorovna Mariupol 120k
11%
United States of America (California) Frank E Brown Moreno Valley 212k
11%
Ukraine Saint Nicholas of Myra Mykolaiv 470k
11%
Israel Nathan Strauss Netanya 224k
11%
Spain Pompey the Great Pamplona 206k
11%
Brazil Cândido Rondon Rondonópolis 244k
11%
Philippines Manuel Roxas Roxas City 179k
11%
Iraq Mohammad Mohammad Sadeq al-Sadr Sadr City 708k
11%
Netherlands (Curaçao) William II or III Willemstad 136k
11%
Spain Gaius Julius Caesar Augustus Zaragoza 683k
11%
India Raja Aditya Pratap Singh Deo Adityapur 174k
0%
India Malik Ahmad Nizam Shah I Ahmednagar 350k
0%
India Aurangazeb Aurangabad 1.1m
0%
Iraq Zubayr ibn al-Awwam Az Zubayr 300k
0%
Pakistan Bahawal Khan V Bahawalnagar 160k
0%
Pakistan Nawab Mohammad Bahawal Khan Abbasi Bahawalpur 762k
0%
Iran Shah Abbas I Bandar Abbas 526k
0%
India 24th Tirthankar-Vardhaman Mahavir Bardhaman 314k
0%
Belarus Boris-Rogvolod Vseslavich Barysaw 136k
0%
Australia William Abednego Thompson Bendigo 104k
0%
India Maharaja Rao Bika Singh Ji Bikaner 644k
0%
Nepal King Birendra of Nepal Birendranagar 153k
0%
Nepal Bir Shumsher Jung Bahadur Rana Birgunj 272k
0%
Canada Joseph Brant Brantford 116k
0%
Germany Bruno, Duke of Saxony Braunschweig 252k
0%
Puerto Rico (USA) Charles II of Spain Carolina 138k
0%
India Chandi Chandigarh 1m
0%
Mexico Francisco Ignacio Madero Ciudad Madero 205k
0%
Mexico Álvaro Obregón Ciudad Obregón 329k
0%
Nicaragua Augusto César Sandino Ciudad Sandino 130k
0%
Mexico Guadalupe Victoria Ciudad Victoria 332k
0%
Bangladesh Hiram Cox Cox's Bazar 196k
0%
Ethiopia Mark the Evangelist Debre Markos 140k
0%
Pakistan Ismail Khan Dera Ismail Khan 218k
0%
Russia Georgi Dimitrov Dimitrovgrad 110k
0%
Thailand Chaophraya Surasakmontri Chaophraya Surasak 143k
0%
Mexico Benito Juárez Chicoloapan de Juárez 193k
0%
Mexico Adolfo López Mateos Ciudad López Mateos 523k
0%
Mexico José María Morelos & Ehecatl Ecatepec de Morelos 1.6m
0%
Paraguay Fernando de la Mora Fernando de la Mora 113k
0%
Philippines Mariano Alvarez General Mariano Alvarez 172k
0%
Chile Pedro Aguirre Cerda Pedro Aguirre Cerda 105k
0%
Russia Saint Peter & Saint Paul Petropavlovsk- Kamchatsky 164k
0%
Mexico Bartolomé de las Casas San Cristóbal de las Casas 183k
0%
Mexico Saint Nicholas of Myra & Pedro de la Garza San Nicolás de los Garza 412k
0%
Mexico St. Peter & Genaro Garza García San Pedro Garza García 132k
0%
Guatemala Manuel Barillas Santa Cruz Barillas 130k
0%
Colombia Francisco de Paula Santander Santanderd e Quilichao 113k
0%
Mexico Professor Graciano Sánchez Romo Soledad de Graciano Sánchez 310k
0%
India Surendrasinhji Jorawarsinhji Surendranagar Dudhrej 177k
0%
Pakistan Mir Muhammad Khan Talpur Shahwani Tando Muhammad Khan 101k
0%
Mexico José María Morelos Tepatitlán de Morelos 110k
0%
Qatar Mohammed bin Jassim Al Thani Umm Salal Mohammed 149k
0%
East Timor Aleixo Corte-Real Dom Aleixo 165k
0%
Spain Gonzalo Nazareno's Two Sisters: Elvira & Estefania Nazareno Dos Hermanas 138k
0%
Colombia cacique Tundama Duitama 127k
0%
Ecuador Sr. José Durán Maristany Durán 295k
0%
Turkey Heracles Ereğli 122k
0%
Sweden Saint Eskil Eskilstuna 107k
0%
India Shaikh Farid Bukhari Faridabad 1.4m
0%
India Firuz Shah Tughlaq Firozpur 110k
0%
Botswana Daniel Francis Francistown 103k
0%
Denmark King Frederick IV of Denmark Frederiksberg 104k
0%
India Mahatma Gandhi Gandhinagar 292k
0%
Mexico Mariano Escobedo General Escobedo 454k
0%
Philippines General Paulino Santos General Santos 646k
0%
Philippines Mariano Trías General Trías 450k
0%
India Wazir Ghazi-un-ddin Ghaziabad 1.6m
0%
Mexico Francisco Gómez Palacio Gómez Palacio 301k
0%
France Gratian Grenoble 158k
0%
India Vishnu / Hari Haridwar 231k
0%
Pakistan Sahibzada Muhammad Haroon-ur-Rashid Ahmad Abbasi Hārūnābād 107k
0%
Mexico Miguel Hidalgo Hidalgo del Parral 113k
0%
Germany Hildwin (10th century landowner) Hildesheim 104k
0%
Ukraine Pyotr Gorlov Horlivka 239k
0%
Egypt Isma'il Pasha Ismailia 450k
0%
India Maharaja Sawai Jai Singh Ji Jaipur 3m
0%
India Jamshetji Tata Jamshedpur 677k
0%
Nepal King Janak Janakpur 194k
0%
India Maharaja Sawai Jai Singh Ji Jodhpur 1m
0%
Iraq Musa al-Kadhim Kadhimiya 897k
0%
Egypt Sheikh Talha al-Tilmisani Kafr El Sheikh 198k
0%
Germany Charles III William Karlsruhe 305k
0%
Turkey Gaius Julius Caesar Augustus Kayseri 988k
0%
Iran Bahram IV Kermanshah 946k
0%
Ukraine Bohdan Khmelnytsky Khmelnytskyi 274k
0%
Iran Ruhollah Khomeini Khomeyni Shahr 247k
0%
South Africa Jacob de Clerq Klerksdorp 189k
0%
Norway King Christian IV of Denmark Kristiansand 116k
0%
Mexico Pedro Moreno Lagos de Moreno 111k
0%
Australia Lachlan Macquarie Lake Macquarie 129k
0%
India Lakshmana Lucknow 2.8m
0%
Germany Louis I of Bavaria Ludwigshafen 151k
0%
Ukraine Makei (Cossack) Makiivka 338k
0%
Benin Henri Malan Malanville 168k
0%
India Mangala Devi Mangalore 499k
0%
Iran Solomon Masjed Soleyman 100k
0%
Mexico Martín Javier Mina y Larrea Minatitlán 149k
0%
Angola José D'Almeida Vasconcelos de Oliveira de Soveral e Carvalho, Baron of Mossâmedes Moçâmedes 255k
0%
India Gujarmal Modi Modinagar 130k
0%
Morocco King Mohammed V of Morocco Mohammedia 208k
0%
India Mirza Muhammad Murad Bakhsh Moradabad 887k
0%
Mexico José María Morelos Morelia 743k
0%
Pakistan Sultan Raja Muzaffar Khan Muzaffarabad 149k
0%
Pakistan Nawab Muzaffar Khan Muzaffargarh 209k
0%
Japan Shinohara Kunimoto Narashino 176k
0%
Iraq Nasir al-Saadun Pasha Nasiriyah 558k
0%
Uzbekistan Alisher Navoi Navoiy 155k
0%
Brazil Nilo Peçanha Nilópolis 162k
0%
India Nizam of Hyderabad Nizamabad 311k
0%
Russia Viktor Nogin Noginsk 103k
0%
Russia Valerian Kuybyshev Novokuybyshevsk 100k
0%
Mexico Benito Juárez Oaxaca de Juárez 258k
0%
India Mir Osman Ali Khan Osmanabad 111k
0%
Mexico Manuel Fernando Soto Pachuca de Soto 297k
0%
Kazakhstan Grand Duke Paul Alexandrovich Pavlodar 334k
0%
Ukraine Paul I of Russia Pavlohrad 101k
0%
Haiti Alexandre Sabès Pétion Pétion-Ville 271k
0%
Kazakhstan Saint Peter & Saint Paul Petropavl 222k
0%
Brazil Pedro II Petrópolis 307k
0%
Russia Peter the Great Petrozavodsk 234k
0%
India Archibald Blair Port Blair 108k
0%
Gabon Émile Gentil Port-Gentil 136k
0%
South Africa Andries Hendrik Potgieter Potchefstroom 148k
0%
Russia Prokopiy of Ustug Prokopyevsk 177k
0%
Guatemala Justo Rufino Barrios Puerto Barrios 113k
0%
Guatemala Hernán Cortés Puerto Cortés 142k
0%
Peru Faustino Maldonado Puerto Maldonado 100k
0%
Chile Manuel Montt Puerto Montt 278k
0%
China Qin Shi Huang Qínhuángdăo 1.5m
0%
Argentina Rafaela Rodríguez de Egusquiza Rafaela 104k
0%
Pakistan Prince Rahim Yar Khan Rahim Yar Khan 420k
0%
Pakistan Makhdoom Sheikh Rajan Shah Rājanpur 100k
0%
Mexico Miguel Ramos Arizpe Ramos Arizpe 114k
0%
Pakistan Sadiq Mohammad Khan V Sadiqabad 238k
0%
Russia Salawat Yulayev Salavat 148k
0%
Mexico Saint John San Juan del Río 177k
0%
Mexico King Louis IX of France San Luis Potosí 845k
0%
Guatemala Saint Peter San Pedro Sula 834k
0%
Mexico Saint Catherine of Alexandria Santa Catarina 304k
0%
Syria Zaynab bint Ali Sayyidah Zaynab 136k
0%
India Sikandar Jah Secunderabad 217k
0%
Russia Saint Sergii Radonezhsky Sergiyev Posad 101k
0%
Malaysia Hisamuddin Alam Shah Al-Haj Ibni Almarhum Sultan Alaeddin Sulaiman Shah Shah Alam 443k
0%
Afghanistan Shapur II Sheberghan 175k
0%
Pakistan Jahangir (Shekhu) Sheikhupura 473k
0%
Netherlands Henry I, Duke of Brabant 's-Hertogenbosch 165k
0%
India Shyamala Shimla 169k
0%
Algeria Sidi Bel Abbès El Bouzidi Sidi Bel Abbès 210k
0%
Colombia iraca Sugamuxi Sogamoso 131k
0%
South Africa Lord Charles Henry Somerset Somerset West 188k
0%
India Sir Ganga Singh Sri Ganganagar 237k
0%
Iraq Sulaiman Baba Sulaymaniyah 676k
0%
Bolivia Tariq ibn Ziyad Tarija 268k
0%
Turkey Tarḫunna (Hittite God) Tarsus 278k
0%
Brazil Empress Tereza Christina of Brazil Teresópolis 185k
0%
Ukraine Jan Tarnowski Ternopil 225k
0%
Mexico Sebastián Lerdo de Tejada Toluca de Lerdo 223k
0%
Philippines The 13 Martyrs of Cavite Trece Martires 210k
0%
Mexico Joaquín Miguel Gutiérrez Tuxtla Gutiérrez 578k
0%
India Maharana Udai Singh II Udaipur 451k
0%
Spain Al-Walid I Valladolid 297k
0%
South Africa Hendrik van der Bijl Vanderbijlpark 150k~
0%
Mexico General Manuel Álvarez Villa de Álvarez 147k
0%
India Raja Pusapati Vijaya Rama Raju Vizianagaram 228k
0%
Mexico Miguel Hidalgo Zamora de Hidalgo 154k
0%
China Sun Yat-sen Zhōngshān 3.8m
0%
China Xie Zichang Zicháng 135k
0%
No matching quizzes found
Score Distribution
Percent of People with Each Score
Percentile by Number Answered
Your Score History
You have not taken this quiz since the last reset